Highest Goalscorers in the Champions League From Argentina - Statistics

General Stats
  • This quiz has been taken 211 times
  • The average score is 12 of 18
Answer Stats
# Goals Games Years Main Team(s) Answer % Correct
1 129 163 2004- Barcelona, Paris Saint-Germain Lionel Messi
100%
3 41 79 2008-'10, 2011-'22 Manchester City, Atlético Madrid Sergio Agüero
97%
6 22 102 2007-'08, 2010-'14, 2015- Paris Saint-Germain, Real Madrid Ángel Di María
95%
5 24 83 2006-'14, 2016-'18, 2019-'20 Real Madrid, Juventus Gonzalo Higuaín
94%
2 49 58 1955-1964 Real Madrid Alfredo Di Stéfano
90%
17 9 33 2018- Inter Milan Lautaro Martínez
89%
4 25 65 1997-'98, 2000-'08 Inter Milan, Chelsea Hernán Crespo
87%
9 18 53 2015-2022 Juventus Paulo Dybala
84%
13 13 46 2007-'09, 2011-'15 Manchester United, Juventus Carlos Tévez
79%
16 9 22 2009-2012 Inter Milan Diego Milito
73%
15 9 19 2018-2022 Paris Saint-Germain, Inter Milan Mauro Icardi
71%
18 9 39 2011-2016 Paris Saint-Germain, Napoli Ezequiel Lavezzi
68%
10 18 56 2001-'03, 2004-'05, 2006-'09, 2010-'14 Barcelona, AS Monaco Javier Saviola
53%
14 11 30 1999-'02, 2003-'04 Lazio, Valencia Claudio López
49%
7 19 47 2005-2012 FC Porto, Olympique Lyon Lisandro López
49%
11 18 63 2005-2014 FC Porto, Olympique Marseille Lucho González
32%
8 19 48 1997-'98, 1999-'00, 2003-'09 Inter Milan, Feyenoord Julio Cruz
28%
12 14 23 1955-1960 Real Madrid Héctor Rial
11%
No matching quizzes found
Score Distribution
Percent of People with Each Score
Percentile by Number Answered
Your Score History
You have not taken this quiz